Central Library OPAC University of Rajshahi

Readings in economics / (Record no. 42521)

MARC details
000 -LEADER
fixed length control field 00708nam a2200253 a 4500
001 - CONTROL NUMBER
control field 42521
003 - CONTROL NUMBER IDENTIFIER
rucl marc code BD-RjUL
005 - DATE AND TIME OF LATEST TRANSACTION
control field 20211209053544.0
008 - FIXED-LENGTH DATA ELEMENTS--GENERAL INFORMATION
fixed length control field 160613s1949 nyu b 000 0 eng
020 ## - INTERNATIONAL STANDARD BOOK NUMBER
Terms of availability : $ 150.00
035 ## - SYSTEM CONTROL NUMBER
System control number (BD-RjUL)42639
040 ## - CATALOGING SOURCE
Language of cataloging eng
Original cataloging agency BD-RjUL
Transcribing agency BD-RjUL
041 ## - LANGUAGE CODE
Language code of text/sound track or separate title eng
082 ## - DEWEY DECIMAL CLASSIFICATION NUMBER
Edition number 23
Classification number 330.82
Author mark and year REA 1949
245 00 - TITLE STATEMENT
Title Readings in economics /
Statement of responsibility, etc. K. William Kapp and Lore L. Kapp.
260 ## - PUBLICATION, DISTRIBUTION, ETC. (IMPRINT)
Place of publication, distribution, etc. New York :
Name of publisher, distributor, etc. Barnes & Noble,
Date of publication, distribution, etc. 1949.
300 ## - PHYSICAL DESCRIPTION
Pagination vi, 444 p. ;
Size 21 cm.
490 1# - SERIES STATEMENT
Series statement College outline series ;
500 ## - GENERAL NOTE
General note "
650 #0 - SUBJECT ADDED ENTRY--TOPICAL TERM
Topical term or geographic name as entry element Economics.
9 (RLIN) 130786
700 1# - ADDED ENTRY--PERSONAL NAME
Personal name Kapp, K. William.
Relator term editor.
Personal name Kapp, Lore L.
Relator term editor.
942 ## - ADDED ENTRY ELEMENTS (KOHA)
Source of classification or shelving scheme Dewey Decimal Classification
Koha item type Books
Holdings
Lost status Source of classification or shelving scheme Damaged status Not for loan Collection code Permanent Location Current Location Shelving location Date acquired Source of acquisition Total Checkouts Full call number Date last seen Copy number Koha item type
  Dewey Decimal Classification     Non-fiction Central Library, University of Rajshahi Central Library, University of Rajshahi   06/11/1956 Asia foundation   330.82 REA 1949 13/06/2016 C-2 Books